LEADER 04176nam 2200565 450 001 9910807704003321 005 20230803212720.0 010 $a0-309-30749-X 010 $a0-309-30747-3 035 $a(CKB)3710000000352357 035 $a(EBL)3379420 035 $a(SSID)ssj0001469959 035 $a(PQKBManifestationID)11818512 035 $a(PQKBTitleCode)TC0001469959 035 $a(PQKBWorkID)11400982 035 $a(PQKB)10178078 035 $a(MiAaPQ)EBC3379420 035 $a(EXLCZ)993710000000352357 100 $a20150213h20142014 uy 0 101 0 $aeng 135 $aur|n|---||||| 181 $ctxt 182 $cc 183 $acr 200 10$aFinancing population health improvement $eworkshop summary /$fJoe Alper and Alina Baciu, rapporteurs ; Roundtable on Population Health Improvement, Board on Population Health and Public Health Practice, Institute of Medicine of the National Academies 210 1$aWashington, District of Columbia :$cThe National Academies Press,$d2014. 210 4$dİ2014 215 $a1 online resource (84 p.) 300 $aDescription based upon print version of record. 311 $a0-309-30746-5 320 $aIncludes bibliographical references. 327 $a""Frontmatter""; ""Reviewers""; ""Contents""; ""Acronyms""; ""1 Introduction and Overview""; ""2 Paying for Population Health Improvement: An Overview""; ""3 Health Care System Investments in Population Health Improvement""; ""4 Community Development and Population Health""; ""5 Pay-for-Success Financing and Population Health""; ""6 Implications of New and Emerging Sources of Population Health Funding""; ""Appendix A--References""; ""Appendix B--Workshop Agenda""; ""Appendix C--Biographical Sketches of Workshop Speakers and Moderators"" 330 $a"Despite spending far more on medical care than any other nation and despite having seen a century of unparalleled improvement in population health and longevity, the United States has fallen behind many of its global counterparts and competitors in such health outcomes as overall life expectancy and rates of preventable diseases and injuries. A fundamental but often overlooked driver of the imbalance between spending and outcomes is the nation's inadequate investment in non-clinical strategies that promote health and prevent disease and injury population-wide, strategies that fall under the rubric of "population health." Given that it is unlikely that government funding for governmental public health agencies, whether at the local, state, or federal levels, will see significant and sustained increases, there is interest in finding creative sources of funding for initiatives to improve population health, both through the work of public health agencies and through the contributions of other sectors, including nonhealth entities. Financing Population Health Improvement is the summary of a workshop convened by the Institute of Medicine Roundtable on Population Health Improvement in February 2014 to explore the range of resources that might be available to provide a secure funding stream for non-clinical actions to enhance health. Presenters and participants discussed the range of potential resources (e.g., financial, human, and community) explored topics related to financial resources. This report discusses return on investment, the value of investing in population-based interventions, and possible sources of funding to improve population health"--$cPublisher's description. 606 $aHealth status indicators$zUnited States 607 $aUnited States$2fast 615 0$aHealth status indicators 676 $a362.10973 700 $aAlper$b Joe$01103652 702 $aBaciu$b Alina 712 02$aRoundtable on Population Health Improvement. 712 02$aBoard on Population Health and Public Health Practice. 712 02$aInstitute of Medicine (U.S.) 712 12$aResources for Population Health Improvement (Workshop) 801 0$bMiAaPQ 801 1$bMiAaPQ 801 2$bMiAaPQ 906 $aBOOK 912 $a9910807704003321 996 $aFinancing population health improvement$93933247 997 $aUNINA